Score 0/30 Timer 03:00
0 Plays Today
Hint Answer % Correct
Jim CarreyDumber
96%
George ClooneyDusk
93.9%
Russell CroweRobin
93.6%
Tom CruiseGood
93.2%
Sean ConneryOctober
92.8%
Jim CarreyAlmighty
90.7%
Russell CroweMisérables
89.7%
Russell CroweBeautiful
86%
George ClooneyIdes
85.2%
Jim CarreyTruman
84.7%
Sean ConneryRussia
81.6%
Russell CroweConfidential
80.7%
Tom CruiseMinority
78.7%
Tom CruiseMoney
73.6%
Tom CruiseSamurai
59.2%
Hint Answer % Correct
George ClooneyKings
54.5%
Tom CruiseRain
48.6%
George ClooneyClayton
47.4%
Russell CroweCinderella
46.4%
Sean ConneryForrester
46.1%
Bruce CampbellDarkness
43.3%
Jim CarreyBatman
42.4%
Bruce CampbellEscape
39.6%
Sean ConneryRising
39.4%
Sean ConneryRose
37.9%
Jim CarreyYes
36%
Bruce CampbellEvil
30.6%
George ClooneySight
25%
Bruce CampbellBubba
18%
Bruce CampbellBruce
11%

Today's Daily Dose

Remove Ads.
Support Sporcle.
Get the best of Sporcle when you Go Orange. This ad-free experience offers more features, more stats, and more fun while also helping to support Sporcle. Thank you for becoming a member.

You're not logged in!

Compare scores with friends on all Sporcle quizzes.
OR
Log In

Show Comments

Extras

Top Quizzes Today


Score Distribution

Your Account Isn't Verified!

In order to create a playlist on Sporcle, you need to verify the email address you used during registration. Go to your Sporcle Settings to finish the process.

Report this User

Report this user for behavior that violates our Community Guidelines.

Details: